10 krajów europejskich produkujących najwięcej ropy naftowej - Statystyki

Ogólne statystyki
  • Ten quiz został rozwiązany 38 razy
  • Średni wynik to 6 z 10
Statystyki odpowiedzi
Stopień Kraj % Poprawnych
1 Rosja
100%
2 Norwegia
89%
8 Niemcy
86%
5 Włochy
78%
6 Dania
73%
7 Rumunia
73%
10 Węgry
57%
9 Białoruś
43%
3 Zjednoczone Królestwo
16%
4 Indyk
0%
Nie znaleziono quizów pasujących do podanych kryteriów
Rozkład punktacji
Procent ludzi z każdym wynikiem
Percentyl według liczby udzielonych odpowiedzi
Twoja historia wyników
Nie rozwiązałeś tego quizu